[Event "Valasska Bystrice op"]
[Site "Valasska Bystrice"]
[Date "2017.09.10"]
[Round "2"]
[White "Klima, Tomas"]
[Black "Sewiola, Petr"]
[Result "1/2-1/2"]
[WhiteElo "1545"]
[BlackElo "1737"]
[PlyCount "90"]
[EventDate "2017.09.09"]
[EventType "swiss"]
[EventRounds "9"]
[EventCountry "CZE"]
[SourceTitle "CBM 180 Extra"]
[Source "ChessBase"]
[SourceDate "2017.10.06"]
[SourceVersion "1"]
[SourceVersionDate "2017.10.06"]
[SourceQuality "1"]

1. e4 e5 2. Bc4 Nf6 3. d3 Be7 4. Nf3 Nc6 5. c3 0-0 6. 0-0 d5 7. exd5 Nxd5 8. Re1 Nb6 9. Bb5 f6 10. Bxc6 bxc6 11. d4 exd4 12. Qxd4 Bd6 13. Nbd2 Bb7 14. Nb3 Re8 15. Bd2 c5 16. Nxc5 Bxf3 17. gxf3 Rxe1+ 18. Rxe1 Bxc5 19. Qxc5 Qxd2 20. Qe7 Qd6 21. Qe4 Qd5 22. Qe7 Qd7 23. Qe4 Rd8 24. b3 Kh8 25. c4 Kg8 26. a4 g6 27. a5 Nc8 28. c5 Kf7 29. b4 c6 30. Qc4+ Qd5 31. Qe2 Qd7 32. Qc4+ Kf8 33. Qf4 Qf5 34. Qc7 Qg5+ 35. Kh1 Qd2 36. Rf1 Qd5 37. Kg2 Qd7 38. Qf4 Qe7 39. Qc4 Qe5 40. Qa6 Qg5+ 41. Kh1 Qd5 42. Kg2 Re8 43. Qb7 Kg8 44. b5 Qxc5 45. Qd7 Qe7 1/2-1/2

[Event "Valasska Bystrice op"]
[Site "Valasska Bystrice"]
[Date "2016.09.14"]
[Round "6"]
[White "Klima, Tomas"]
[Black "Bartik, Gustav"]
[Result "1/2-1/2"]
[WhiteElo "1490"]
[BlackElo "1469"]
[PlyCount "74"]
[EventDate "2016.09.10"]
[EventType "swiss"]
[EventRounds "9"]
[EventCountry "CZE"]
[SourceTitle "CBM 174 Extra"]
[Source "ChessBase"]
[SourceDate "2016.10.10"]
[SourceVersion "1"]
[SourceVersionDate "2016.10.10"]
[SourceQuality "1"]

1. e4 c5 2. Nf3 d6 3. d4 cxd4 4. Nxd4 e5 5. Nf3 Nf6 6. Nc3 Nc6 7. Bc4 h6 8. h3 Be7 9. 0-0 0-0 10. Be3 a6 11. a3 Nh7 12. Qd2 Kh8 13. Nd5 Nf6 14. Nb6 Rb8 15. Rad1 Nxe4 16. Qc1 f5 17. Nxc8 Rxc8 18. Bxh6 f4 19. Bxg7+ Kxg7 20. Rfe1 Ng5 21. Nxg5 Bxg5 22. f3 Be7 23. c3 Qe8 24. Qd2 Qg6 25. Bd3 Qg5 26. Be4 Rh8 27. Bd5 Rh6 28. Qf2 Qg3 29. Qxg3+ fxg3 30. Be4 Rc7 31. b4 Na7 32. Rc1 Nb5 33. a4 Nxc3 34. Kf1 Rh8 35. Re3 Nd5 36. Rxc7 Nxc7 37. Rc3 Ne8 1/2-1/2